|
|
|
|
| LEADER |
00000nam0a2200000 4500 |
| 001 |
354835 |
| 005 |
20231102010731.0 |
| 035 |
|
|
|a (RuTPU)RU\TPU\retro\12094
|
| 090 |
|
|
|a 354835
|
| 100 |
|
|
|a 20200626d1979 km y0rusy50 ca
|
| 101 |
0 |
|
|a rus
|
| 102 |
|
|
|a RU
|
| 105 |
|
|
|a ac a 001zb
|
| 200 |
1 |
|
|a Илья Михайлович Франк
|f Академия наук СССР ; гл. ред. А. Н. Несмеянов ; сост. Т. И. Фролова, Т. О. Вреден-Кобецкой
|
| 210 |
|
|
|a Москва
|c Наука
|d 1979
|
| 215 |
|
|
|a 74 с.
|c портр.
|
| 225 |
1 |
|
|a Материалы к биобиблиографии ученых СССР
|i Серия физики
|v Вып. 23
|
| 320 |
|
|
|a Библиогр.: с. 25-29
|
| 320 |
|
|
|a Хронологический указатель: с. 30-54
|
| 320 |
|
|
|a Алф. указ.: с. 56-66
|
| 600 |
|
1 |
|a Франк
|b И. М.
|c российский физик
|c академик АН СССР
|f 1908-1990
|g Илья Михайлович
|2 stltpush
|3 (RuTPU)RU\TPU\pers\11890
|9 2999
|
| 606 |
1 |
|
|a Физики
|x Персоналии
|2 stltpush
|3 (RuTPU)RU\TPU\subj\67452
|9 83245
|
| 606 |
1 |
|
|a Библиографические пособия
|x По физике
|2 stltpush
|3 (RuTPU)RU\TPU\subj\28555
|9 52073
|
| 610 |
1 |
|
|a биобиблиография
|
| 610 |
1 |
|
|a биобиблиографические пособия
|
| 610 |
1 |
|
|a жизнедеятельность
|
| 610 |
1 |
|
|a библиографии
|
| 610 |
1 |
|
|a ученые
|
| 610 |
1 |
|
|a научная деятельность
|
| 610 |
1 |
|
|a 20 век
|
| 675 |
|
|
|a 53(092)
|v 4
|
| 686 |
|
|
|a Я19:53
|2 rubbk
|
| 702 |
|
1 |
|a Несмеянов
|b А. Н.
|4 651
|
| 702 |
|
1 |
|a Фролова
|b Т. И.
|4 220
|
| 702 |
|
1 |
|a Вреден-Кобецкой
|b Т. О.
|4 220
|
| 712 |
0 |
2 |
|a Академия наук СССР
|c (Ленинград/Москва)
|c (1925-1991)
|2 stltpush
|3 (RuTPU)RU\TPU\col\722
|9 23473
|
| 801 |
|
1 |
|a RU
|b 63413507
|c 20200626
|
| 801 |
|
2 |
|a RU
|b 63413507
|c 20220217
|g RCR
|
| 942 |
|
|
|c BK
|